Équipe de France de Rugby - Tournée d'Été 2024 Argentine. - Statistiques

Statistiques générales
  • Ce quiz a été pris 79 fois
  • Le résultat moyen est 22 sur 42
Statistiques - réponses
Poste Joueur % Correct
Demi de mêlée Baptiste Serin
90%
Pilier Jean-Baptiste Gros
85%
Baptiste Couilloud
84%
Demi d'ouverture Antoine Hastoy
82%
Melvyn Jaminet
81%
Talonneur Gaëtan Barlot
79%
Georges-Henri Colombe
77%
Léo Barré
77%
Antoine Frisch
73%
Emilien Gailleton
73%
2e ligne Hugo Auradou
71%
Oscar Jégou
71%
Arrière Théo Attissogbe
71%
Baptiste Jauneau
69%
Demba Bamba
69%
Centre Arthur Vincent
68%
Léo Berdeu
66%
Posolo Tuilagi
66%
Sébastien Taofifénua
65%
Louis Carbonel
61%
Teddy Baubigny
61%
Baptiste Pesenti
48%
3e ligne centre Jordan Joseph
48%
Lenni Nouchi
47%
Thomas Laclayat
47%
Lester Etien
45%
Mickaël Guillard
45%
Janick Tarrit
42%
Jules Favre
37%
Killian Tixeront
37%
Giorgi Beria
35%
Judicaël Cancoriet
34%
Pierre-Henri Azagoh
31%
Lucas Dubois
29%
Ibrahim Diallo
27%
Ailier Joris Jurand
27%
Romain Briatte
26%
Nathanaël Hulleu
23%
Florent Vanverberghe
15%
3e ligne aile Yann Peysson
15%
Léon Darricarrère
2%
Simeli Daunivucu
2%
Aucun quiz correspondant
Distribution des résultats
% des personnes avec chaque résultat
Percentile par nombre de réponses
Votre historique - résultats
Vous n’avez pas pris ce quiz